000 00367nam a2200133Ia 4500
005 20260326235443.0
008 260326s9999||||xx |||||||||||||| ||und||
100 _aStrong, Ann Louise
245 0 _aPreservación de Espacios Abiertos Urbanos /
_cAnn Louise Strong
260 _bCentro Regional de Ayuda Técnica
300 _a32 p.
650 _aURBANISMO
942 _cBK
999 _c7487
_d7487